00642nam a2200205 a 450000100060000000300080000600500170001400800390003103500190007004000350008904100080012408200150013210000300014724500850017726000520026230000260031449000360034050400290037665000310040523683BD-RjUL20211209000947.0140311r19561951nyu b 000 1 eng a(BD-RjUL)23748 aBD-RjULbengcBD-RjULdBD-RjUL aeng a928.1bJAP1 aJames, Henry,d1843-1916.14aThe portable Henry James /cedited, and with an introd., by Morton Dauwen Zabel. aNew York :bViking Press,c1951 [printing 1956] aviii, 696 p ;c17 cm.0 aViking portable library ;v[55] aBibliography: p. 687-696 a Romance Norte Americano.